000 00497nam a2200181Ia 4500
005 20250923144518.0
008 008 250917s9999 xx 000 0 eng d
037 _aTextual
040 _aDSWL
_beng
_cDSWL
041 _aeng
_2eng
084 _qDSWL
100 _aLewis, W.Arthur .
_9825632
245 0 _aPrincipal of economic planning
_cby W.Arthur Lewis
260 _aLondon
_bGeorge Allen & Unwin Ltd
_c1954
300 _a128p.
942 _cTEXL
999 _c1439852
_d1439852